000 00608nam a2200169Ia 4500
008 090711s9999 xx 000 0 und d
082 _b49255
100 _aदिवाणजी शकुंतला
245 _aमी प्रतिभाSाी आई लिहीते
260 _c1984
300 _a212
600 _aदिवाणजी शकुंतला
630 _aमी प्रतिभाSाी आई लिहीते
700 _aदिवाणजी शकुंतला
730 _aमी प्रतिभाSाी आई लिहीते
942 _cBOOK
999 _c318842
_d318842